00586nam a2200205 a 4500001001300000003000900013005001700022008004100039020002300080082001700103100002500120245006500145260004100210300000900251500003500260505001600295650002500311650001900336700002500355nice12345678IN_TiNIC20260116013031.0050524s1991 cala grp 000 0 eng  a8170747 c20000a954.035bSAR aSarkar, Chandiprasad aBengali Muslimsb a Study in Their Politicization: 1912-1929 aCalcuttabK P Bagchi & Companyc1991 a273p aincludes index and biblioraphy2 aArabic-Urdu aIndia-History Bengal aMuslims-Bengal1 aSarkar, Chandiprasad